| 000 | 00000nas 2200000za 4500 |
| 001 | 9.506152 |
| 003 | CaOODSP |
| 005 | 20251126083116 |
| 007 | cr ||||||||||| |
| 008 | 150406c20049999oncar p o f0 a0eng| |
| 022 | |a1926-7851 |
| 040 | |aCaOODSP|beng |
| 043 | |an-cn--- |
| 086 | 1 |aCC152-1E-PDF |
| 110 | 1 |aCanada. |bDefence Construction Canada. |
| 222 | 0|aCorporate plan|b(Defence Construction Canada) |
| 245 | 10|aCorporate plan |h[electronic resource] : |bincluding the operating and capital budgets for … / |cDefence Construction Canada. |
| 246 | 3 |aDefence Construction Canada corporate plan summary |
| 260 | |aOttawa : |bDefence Construction Canada |
| 310 | |aAnnual |
| 362 | 1 |aBegan with 2003/2004 to 2007/2008. |
| 500 | |aIssued also in French under title : Plan d'entreprise / Construction de Défense Canada. |
| 690 | 07|aAnnual reports|2gcpds |
| 690 | 07|aConstruction industry|2gcpds |
| 690 | 07|aContracting|2gcpds |
| 690 | 07|aProject management|2gcpds |
| 775 | 08|tPlan d'entreprise |w(CaOODSP)9.502554 |